| 000 | 00778nam a2200229Ii 4500 | ||
|---|---|---|---|
| 003 | JO-AjNU | ||
| 008 | 230605s9999||||xx |||||||||||||| ||und|| | ||
| 017 | _a2009/2679 | ||
| 020 | _a978-977-380-258-0 | ||
| 040 |
_aJO-AjNU _bara _erda _cJO-AjNU |
||
| 041 | _aara | ||
| 050 | 1 | 4 | _aK564.C6.M37.2010 |
| 100 | 3 |
_a مصري، عبد الصبور عبد القوي علي , _eauthor _944039 |
|
| 245 | 0 | 0 | _aالتجارة الالكترونية والقانون |
| 250 | _aط1 | ||
| 264 | 3 | 1 | _aالقاهرة : دار العلوم ، 2010 |
| 300 | _a159ص | ||
| 336 |
_atext _btxt _2rdacontent |
||
| 337 |
_aunmediated _bn _2rdamedia |
||
| 338 |
_avolume _bnc _2rdacarrier |
||
| 650 | 4 |
_aالتجارة الالكترونية -- التسويق عبر الانترنت _944040 |
|
| 999 |
_aA18982 _c22550 _d22550 |
||